Conozcamos a Villavicencio (Registro nro. 10664)
[ vista simple ]
| 000 -CABECERA | |
|---|---|
| Longitud fija campo de control | 00642nam a2200217 a 4500 |
| 003 - • IDENTIFICADOR DELl NÚMERO DE CONTROL | |
| Identificador del número de control | CO-ViMGA |
| 008 - • CÓDIGOS DE INFORMACIÓN DE LONGITUD FIJA | |
| Códigos de información de longitud fija | 141112s2004 ck r 000 u spa d |
| 040 ## - FUENTE DE LA CATALOGACIÓN | |
| Centro catalogador de origen | CO-ViMGA |
| Lengua de catalogación | spa |
| Centro transcriptor | CO-ViMGA |
| 082 ## - • NÚMERO DE LA CLASIFICACIÓN DECIMAL DEWEY | |
| Número de clasificación (R) | Fr918.61562 V455 |
| 100 1# - • PUNTO DE ACCESO PRINCIPAL-NOMBRE DE PERSONA | |
| Nombre de persona | Alcaldia villavicencio |
| 245 10 - • TITULO PROPIAMENTE DICHO | |
| Título | Conozcamos a Villavicencio |
| 300 ## - • DESCRIPCIÓN FÍSICA | |
| Extensión | 252 p : il |
| 500 ## - • NOTA GENERAL | |
| Nota general | En : Conozcamos a Villavicencio; Fr 918.61562 V455 |
| 590 ## - NOTAS LOCALES | |
| Nota local | Ejemplares : 4 |
| 650 14 - • PUNTO DE ACCESO ADICIONAL DE MATERIA - TÉRMINO DE MATERIA | |
| Término de materia o nombre geográfico como elemento inicial | MONOGRAFIA - VILLAVICENCIO |
| 650 14 - • PUNTO DE ACCESO ADICIONAL DE MATERIA - TÉRMINO DE MATERIA | |
| Término de materia o nombre geográfico como elemento inicial | VILLAVICENCIO |
| 650 14 - • PUNTO DE ACCESO ADICIONAL DE MATERIA - TÉRMINO DE MATERIA | |
| Término de materia o nombre geográfico como elemento inicial | VILLAVICENCIO - GEOGRAFIA |
| 942 ## - ENTRADA DE ELEMENTOS AGREGADOS (KOHA) | |
| Fuente de clasificaión o esquema | Dewey Decimal Classification |
| Koha [por defecto] tipo de item | LIbro |
No hay ítems disponibles.